| 000 | 01058nam a22002657a 4500 | ||
|---|---|---|---|
| 003 | OSt | ||
| 005 | 20250813090750.0 | ||
| 008 | 250813t |||ab||| |||| 00| 0 spa d | ||
| 020 | _a9789587895247 | ||
| 037 | _bDonación | ||
| 040 |
_aCO-JMCR _bspa _cCO-JMCR _dCO-JMCR _erda |
||
| 041 | 1 |
_aspa _heng |
|
| 082 |
_223 _a986.114 _bP94c |
||
| 100 | 1 |
_aPérez Morales, Edgardo, _eautor. _943771 |
|
| 245 | 1 | 3 |
_aEl caribe cimarrón y los corsarios de Cartagena en la época de la independencia / _cEdgardo Pérez Morales ; traducción Santiago Restrepo. |
| 264 |
_aBarranquilla : _aBogotá : _bEditorial Universidad del Norte ; _bBanco de la República, _c2023. |
||
| 300 |
_aviii, 222 páginas : _bilustraciones, mapas ; _c24 cm. |
||
| 490 | 1 | _aBicentenario de una nación en el mundo | |
| 500 | _aIncluye índice. | ||
| 504 | _aIncluye referencias bibliográficas: (páginas 202-207). | ||
| 650 | 2 | 4 |
_2JMCR _aEsclavitud _zColombia _940405 |
| 650 | 2 | 4 |
_2JMCR _aIndependencia de Cartagena _944265 |
| 700 | 1 |
_aRestrepo, Santiago, _etraductor. _944266 |
|
| 942 |
_2ddc _cBK |
||
| 999 |
_c31064 _d17448 |
||